Religion Quiz

Random Religion or Verse Quiz

Complete the Bible Verse... With a Picture Quiz Stats

 Plays Quiz not verified by Sporcle

Score 0/20 Timer 05:00
1 Play Today
% Correct
[...] flowing with milk
and HONEY [...]
88.9%
And God said,
Let there be LIGHT [...]
81.2%
The Lord is my SHEPHERD;
I shall not want.
80.8%
[...] Be fruitful, and
MULTIPLY.
80.2%
[...] JONAH was in the
belly of the fish [...]
79.7%
In the beginning
was the WORD [...]
79.3%
[...] stand against the
wiles of the DEVIL.
75%
[...] thou shalt love thy
NEIGHBOUR as thyself
72%
And PHARAO charged
all his people [...]
70.7%
And they come
to JERUSALEM [...]
70.3%
% Correct
[...] they shall mount up
with wings as EAGLES.
69%
[...] as the clay is in
the POTTER's hand [...]
68.7%
[...] He only is my ROCK
and my salvation.
67.4%
[...] I will fear no EVIL.
67.4%
But the FRUIT of the Spirit
is love, joy, peace [...]
66.7%
For unto us
a CHILD is born [...]
53.8%
The THIEF cometh not,
but for to steal [...]
49.9%
[...] every TONGUE that
shall rise against thee [...]
49.6%
[...] the SHINING of
a flaming fire [...]
41.3%
[...] his LEAF also
shall not wither.
38.8%

You're not logged in!

Compare scores with friends on all Sporcle quizzes.
OR
Log In

Show Comments

Extras

Top Quizzes Today


Score Distribution

Your Account Isn't Verified!

In order to create a playlist on Sporcle, you need to verify the email address you used during registration. Go to your Sporcle Settings to finish the process.

Report this User

Report this user for behavior that violates our Community Guidelines.

Details: